00471nam a2200193Ia 4500003000400000005001700004008004100021020002200062040000700084041000800091082001900099100002200118245005700140250000600197260003100203300001500234365001300249650001500262OSt20230614150501.0210423s2018 xx 000 0 und d a978-93-8676-161-3 cAL aeng a657 223bCHHL aCHHEDA (Rajesh U) aLearn tally. ERP 9: with GST and e-way bill Rev Ed 3 a3 aNew DelhibAne Booksc2018 axi,351bPB b395cINR aAccounting